[Event "Midwest-ch Collegiate blitz"]
[Site "Columbia"]
[Date "2019.10.03"]
[Round "4"]
[White "Bartochowski, Nicholas J"]
[Black "Tokhirjonova, Gulruhbegim"]
[Result "0-1"]
[WhiteElo "2109"]
[BlackElo "2415"]
[PlyCount "44"]
[EventDate "2019.10.03"]
[EventType "swiss (blitz)"]
[EventRounds "9"]
[EventCountry "USA"]
[SourceTitle "EXT 2020"]
[Source "ChessBase"]
[SourceDate "2019.10.17"]
[SourceVersion "1"]
[SourceVersionDate "2019.10.17"]
[SourceQuality "1"]

1. e4 e5 2. Qh5 Nc6 3. Bc4 g6 4. Qf3 Nf6 5. Ne2 Bg7 6. d3 d6 7. Nbc3 Be6 8. Bg5 h6 9. Be3 Qd7 10. h3 0-0-0 11. Nd5 Ng8 12. g4 Kb8 13. 0-0-0 Nd4 14. Bxd4 exd4 15. Nef4 g5 16. Nh5 Be5 17. Kb1 c6 18. Ndf6 Nxf6 19. Nxf6 Qe7 20. Nh5 Rhf8 21. Ng3 Qc7 22. Nf5 Bxf5 0-1

[Event "Midwest-ch Collegiate blitz"]
[Site "Columbia"]
[Date "2019.10.03"]
[Round "1"]
[White "Bok, Benjamin"]
[Black "Bartochowski, Nicholas J"]
[Result "1-0"]
[WhiteElo "2640"]
[BlackElo "2109"]
[PlyCount "83"]
[EventDate "2019.10.03"]
[EventType "swiss (blitz)"]
[EventRounds "9"]
[EventCountry "USA"]
[SourceTitle "EXT 2020"]
[Source "ChessBase"]
[SourceDate "2019.10.17"]
[SourceVersion "1"]
[SourceVersionDate "2019.10.17"]
[SourceQuality "1"]

1. Nf3 c5 2. c4 Nc6 3. Nc3 g6 4. g3 Bg7 5. Bg2 e6 6. d3 Nge7 7. Bf4 d6 8. 0-0 0-0 9. Rb1 b6 10. a3 Bb7 11. Qd2 Re8 12. b4 Qd7 13. Ne4 Nf5 14. g4 d5 15. Nxc5 bxc5 16. gxf5 dxc4 17. fxg6 hxg6 18. dxc4 Nd4 19. Nxd4 cxd4 20. Bxb7 Qxb7 21. c5 Rad8 22. Bd6 e5 23. b5 Qd5 24. Qg5 Bf8 25. Bxf8 Kxf8 26. c6 Kg7 27. Rfc1 f6 28. Qg4 Rh8 29. a4 Rxh2 30. Kxh2 Rh8+ 31. Qh3 Rxh3+ 32. Kxh3 Qe6+ 33. Kg3 Qf5 34. f3 Qg5+ 35. Kf2 Qh4+ 36. Kg2 Qg5+ 37. Kf1 d3 38. c7 Qe3 39. c8Q Qxe2+ 40. Kg1 Qe3+ 41. Kg2 Qg5+ 42. Qg4 1-0